000 00537nam a2200181Ia 4500
001 25374
005 20260414151145.0
008 260414t2006||||xx |||||||||||||| ||spa||
041 _aESP
082 _a346.5
_bH56
100 _aHinestrosa, Fernando
_eAUT
245 0 _aDel contrato, de las obligaciones y de la prescripción :
_bante-proyecto de reforma del código civil francés. Libro III, título III y XX
260 _c2006
300 _a600 páginas :
_c25 cm.
650 _aDER
654 _aCDE
942 _cLIB
_dJUS
_fJUS
_2ddc
_n
999 _c25374
_d25374